[Event "IECG CP.1996.P.00007"]
[Site "IECG email"]
[Date "1997.01.28"]
[Round "?"]
[White "Vibranovski, Saul"]
[Black "Shuster, Savely"]
[Result "1-0"]
[WhiteElo "1678"]
[BlackElo "2064"]
[PlyCount "23"]
[EventDate "1996.11.10"]
[EventType "tourn (corr)"]
[EventRounds "6"]
[SourceTitle "Corr 2008"]
[Source "ChessBase"]
[SourceDate "2008.06.24"]
[SourceVersion "1"]
[SourceVersionDate "2008.06.24"]
[SourceQuality "1"]

1. e4 e5 2. Nf3 Nc6 3. Bc4 Nf6 4. d4 exd4 5. 0-0 Bc5 6. e5 Ng4 7. Bf4 f6 8. Re1 Be7 9. exf6 Nxf6 10. Nxd4 d5 11. Bb5 Bg4 12. Nxc6 1-0